Laboratory manual and workbook in microbiology : applications to patient care / (رقم التسجيلة. 18924)
[ عرض عادي ]
| 000 -الفاتح | |
|---|---|
| حقل البيانات ثابتة الطول | 00916 am a2200277ua 4500 |
| 001 - رقم الضبط | |
| رقم الضبط | 009241422 |
| 003 - محدد رقم الضبط | |
| رقم الضبط | OSt |
| 005 - وقت وتاريخ اخر تعامل مع التسجيلة | |
| رقم الضبط | 20150408113951.0 |
| 008 - عناصر البيانات ثابتة الطول - معلومات عامة | |
| حقل البيانات ثابتة الطول | 301111s1998 enkab || 001 ||eng |
| 015 ## - رقم الببليوجرافية الوطنية | |
| رقم الببليوجرافية الوطنية | GB9832644 |
| المصدر | bnb |
| 020 ## - الرقم الدولى المعيارى للكتب | |
| الرقم الدولى المعيارى للكتاب | 9780073522531 |
| 020 ## - الرقم الدولى المعيارى للكتب | |
| الرقم الدولى المعيارى للكتاب | 0073522538 |
| 035 ## - رقم ضبط النظام | |
| رقم ضبط النظام | (UkOxU)O13177434 |
| 040 ## - مصدر الفهرسة | |
| وكالة الفهرسة الأصلية | UkOxU |
| وكالة التعديل | Uk |
| وكالة النسخ | MU |
| 082 ## - رقم تصنيف ديوى العشرى | |
| رقم الطبعة | 21 |
| رقم التصنيف | 616.90410078 |
| رقم المادة | M J L |
| 245 00 - بيان العنوان | |
| العنوان | Laboratory manual and workbook in microbiology : applications to patient care / |
| بيان المسئوليه,etc | Josephine A. Morello ... [et al.]. |
| 250 ## - بيان الطبعة | |
| بيان الطبعة | 10th ed. |
| 260 ## - PUBLICATION, DISTRIBUTION, ETC. (IMPRINT) | |
| مكان الناشر او الموزع | Boston, Mass. : |
| اسم الناشر او الموزع | WCB/McGraw-Hill, |
| تاريخ النشر أو التوزيع | c1998. |
| 300 ## - الوصف المادى | |
| التعداد | ix,555p. : |
| تفاصيل ماديه اخرى للوعاء | ill. (some col.), 1 map ; |
| أبعاد الوعاء | 29cm. |
| 504 ## - تبصرة ببليوجرافية | |
| تبصرة ببليوجرافية,الخ | Includes bibliographical references and index. |
| 650 #0 - المدخل الاضافى بالموضوع-مصطلح موضوعى | |
| مصطلح موضوعي أو اسم جغرافي كعنصر مدخل | Medical microbiology. |
| 650 #0 - المدخل الاضافى بالموضوع-مصطلح موضوعى | |
| مصطلح موضوعي أو اسم جغرافي كعنصر مدخل | Allied health personnel. |
| 9 (RLIN) | 5343 |
| 700 1# - المدخل الاضافى - اسم شخصى | |
| الإسم الشخصى | Morello, Josephine A. |
| 9 (RLIN) | 6617 |
| 942 ## - عناصر المدخل الإضافي( كوها) | |
| مصدر التصنيف او مخطط الترفيف | Dewey Decimal Classification |
| Koha [default] item type | DVD |
| حالة الفقد | نموذج السعر الفعال | حالة تلف | ليس للاعارة | رقم الطلب | تاريخ الاكتساب | الموقع الحالي | الباركود | الفرع الرئيسي | Date last seen | نوع المادة فى نظام كوها | مصدر التصنيف او خطة الترفيف | Total Checkouts |
|---|---|---|---|---|---|---|---|---|---|---|---|---|
| 2013-03-10 | 616.90410078 M J L | 2011-11-30 | مكتبة مجمع الطالبات بالمجمعة (EMF) | 00101467 | مكتبة مجمع الطالبات بالمجمعة (EMF) | 2013-03-10 | كتاب | Dewey Decimal Classification | ||||
| 2013-03-10 | 616.90410078 M J L | 2011-11-30 | مكتبة مجمع الطالبات بالمجمعة (EMF) | 00101466 | مكتبة مجمع الطالبات بالمجمعة (EMF) | 2013-03-10 | كتاب | Dewey Decimal Classification |
